Capitali degli Stati federati del Messico - Statistics

Statistiche generali
  • Questo quiz è stato fatto 17 volte
  • Il punteggio medio è 17 su 31
Statistiche sulle risposte
Stato Capitale % Corretto
Chihuahua Chihuahua
86%
Jalisco Guadalajara
86%
Bassa California Mexicali
86%
Nuevo León Monterrey
86%
Aguascalientes Aguascalientes
71%
Colima Colima
71%
Guanajuato Guanajuato
71%
Oaxaca Oaxaca de Juárez
71%
San Luis Potosí San Luis Potosí
71%
Messico Toluca de Lerdo
71%
Quintana Roo Chetumal
57%
Morelos Cuernavaca
57%
Sinaloa Culiacán Rosales
57%
Sonora Hermosillo
57%
Bassa California del Sud La Paz
57%
Yucatán Mérida
57%
Michoacán Morelia
57%
Zacatecas Zacatecas
57%
Guerrero Chilpancingo de los Bravo
43%
Tamaulipas Ciudad Victoria
43%
Coahuila Saltillo
43%
Querétaro Santiago de Querétaro
43%
Nayarit Tepic
43%
Chiapas Tuxtla Gutiérrez
43%
Durango Victoria de Durango
43%
Tabasco Villahermosa
43%
Veracruz Xalapa de Enríquez
43%
Hidalgo Pachuca de Soto
29%
Campeche San Francisco de Campeche
29%
Puebla Puebla de Zaragoza
14%
Tlaxcala Tlaxcala de Xicohténcatl
14%
Nessun quiz corrispondente trovato
Distribuzione punteggi
Percentuale di utenti per punteggio
Percentile per numero di risposta
I tuoi punteggi nel tempo
Non hai fatto questo quiz